000 00998nam a2200205Ia 4500
999 _c53396
_d53396
001 20439
003 GE_BSU
005 20201128233619.0
008 181216s1976||||ge |||||||||||||| ||geo||
040 _cGE_BSU
041 _ageo
080 _a811.353.1'351(075.3) გ-59
245 _aდედა ენა ანუ ანბანი და პირველი საკითხავი წიგნი სახალხო შკოლებისათვის /
_cშედგენილი ი. გოგებაშვილისაგან.
250 _aI-ლი გამოცემა.
264 _aთბილისი :
_bგანათლება,
_c1876.
300 _a160 გვ. ;
_c21 სმ.
653 _aდედა ენა ანუ ანბანი და პირველი საკითხავი წიგნი სახალხო შკოლებისათვის /
653 _aქართული ენა
942 _cBK
_2udc